Вып. 2; Управляемые системы массового обслуживания

Bibliografische gegevens
Parent link:Управляемые системы массового обслуживания: сборник/ под ред. А. Ф. Терпугова. Вып. 2.— , 1982-1986
Taal:Russisch
Gepubliceerd in: Томск, Изд-во Томского ун-та, 1983
Onderwerpen:
Formaat: Boek
KOHA link:https://koha.lib.tpu.ru/cgi-bin/koha/opac-detail.pl?biblionumber=303229

MARC

LEADER 00000nam2a2200000 4500
001 303229
005 20231102001601.0
035 |a (RuTPU)RU\TPU\book\328450 
090 |a 303229 
100 |a 20150901d1983 km y0rusy50 ca 
101 0 |a rus 
102 |a RU 
105 |a a z 001zy 
200 0 |a Вып. 2 
210 |a Томск  |c Изд-во Томского ун-та  |d 1983 
215 |a 204 с.  |c ил. 
320 |a Библиогр. в конце ст. 
461 1 |0 (RuTPU)RU\TPU\book\288676  |t Управляемые системы массового обслуживания  |o сборник  |f под ред. А. Ф. Терпугова  |v Вып. 2  |d 1982-1986 
606 1 |a Массового обслуживания теория  |2 stltpush  |3 (RuTPU)RU\TPU\subj\41145  |9 60962 
610 1 |a динамические приоритеты 
610 1 |a оптимизация 
610 1 |a адаптационные процессы 
610 1 |a динамические проблемы 
610 1 |a алгоритмы поиска 
610 1 |a диспетчеризация 
610 1 |a мультипрограммный режим 
610 1 |a ресурсы 
610 1 |a распределение 
675 |a 519.872  |v 4 
801 1 |a RU  |b 63413507  |c 20150901 
801 2 |a RU  |b 63413507  |c 20190415  |g RCR 
942 |c BK